ՀՀ Գիտությունների ազգային ակադեմիայի հիմնարար գիտական գրադարան  =   Fundamental Scientific Library of NAS RA

Легендарные морские охотники : (Record no. 469645)

MARC details
000 -LEADER
fixed length control field 00707nam a2200193 a 4500
001 - CONTROL NUMBER
control field 000226993
003 - CONTROL NUMBER IDENTIFIER
control field AM-YeHGA
005 - DATE AND TIME OF LATEST TRANSACTION
control field 20250618075511.0
008 - FIXED-LENGTH DATA ELEMENTS--GENERAL INFORMATION
fixed length control field 030520s1942 ai r 000 0 rus d
040 ## - CATALOGING SOURCE
Original cataloging agency AM-YeHGA
090 ## - LOCALLY ASSIGNED LC-TYPE CALL NUMBER (OCLC); LOCAL CALL NUMBER (RLIN)
-- 472889
100 1# - MAIN ENTRY--PERSONAL NAME
Personal name Всеволжский, Игорь
245 10 - TITLE STATEMENT
Title Легендарные морские охотники :
Remainder of title [Рассказы] /
Statement of responsibility, etc. И. Всеволжский; Худ. Д. Налбандян.
260 ## - PUBLICATION, DISTRIBUTION, ETC.
Place of publication, distribution, etc. Ереван :
Name of publisher, distributor, etc. Армгиз,
Date of publication, distribution, etc. 1942.
300 ## - PHYSICAL DESCRIPTION
Extent 38 с.
Other physical details ил. ;
Dimensions 14 см.
650 14 - SUBJECT ADDED ENTRY--TOPICAL TERM
Topical term or geographic name entry element Проза
650 14 - SUBJECT ADDED ENTRY--TOPICAL TERM
Topical term or geographic name entry element Русская литература
700 1# - ADDED ENTRY--PERSONAL NAME
Personal name Նալբանդյան, Դմիտրի Արշակի,
Dates associated with a name 1906-1993
Relator term худ.
Relationship art
9 (RLIN) 1460
Holdings
Withdrawn status Lost status Source of classification or shelving scheme Damaged status Not for loan Collection Home library Current library Date acquired Total checkouts Full call number Barcode Date last seen Price effective from Koha item type Public note
    Universal Decimal Classification     General Fundamental Scientific Library Fundamental Scientific Library 19/04/2018   РД I/7524 FL0497159 19/04/2018 19/04/2018 Գրքեր / Books 30 Days Loan
    Universal Decimal Classification     General Fundamental Scientific Library Fundamental Scientific Library 19/04/2018   РД I/7525 FL0497160 19/04/2018 19/04/2018 Գրքեր / Books 30 Days Loan


ՀՀ ԳԱԱ հիմնարար գիտական գրադարան
ՀՀ,Երևան 0019
Մարշալ Բաղրամյան 24/6
հեռախոս:(374-10) 52-47-50
Հետադարձ կապ

All site content, except where otherwise noted, is licensed under a
Creative Commons License